ბათუმის შოთა რუსთაველის სახელმწიფო უნივერსიტეტის ბიბლიოთეკა

Древнейший Восток в свете новых раскопок / (ბიბ.ჩანაწერი № 61142)

000 -LEADER
fixed length control field 00786nam a22001817a 4500
005 - DATE AND TIME OF LATEST TRANSACTION
control field 20231222160222.0
008 - FIXED-LENGTH DATA ELEMENTS--GENERAL INFORMATION
fixed length control field 231222s1956 ru ||||| |||| 00| 0 rus d
041 ## - LANGUAGE CODE
Language code of text/sound track or separate title rus
080 ## - UNIVERSAL DECIMAL CLASSIFICATION NUMBER
Universal Decimal Classification number 902.6 Ч-15
100 ## - MAIN ENTRY--PERSONAL NAME
Personal name Чайлд, Гордон
9 (RLIN) 20858
245 ## - TITLE STATEMENT
Title Древнейший Восток в свете новых раскопок /
Statement of responsibility, etc. Гордон Чайлд.
264 ## - PRODUCTION, PUBLICATION, DISTRIBUTION, MANUFACTURE, AND COPYRIGHT NOTICE
Place of production, publication, distribution, manufacture Москва:
Name of producer, publisher, distributor, manufacturer Издательство иностранной литературы,
Date of production, publication, distribution, manufacture, or copyright notice 1956.
300 ## - PHYSICAL DESCRIPTION
Extent 384 с.:
Other physical details ил.;
Dimensions 21 см.
653 ## - INDEX TERM--UNCONTROLLED
keyword ძველი აღმოსავლეთი ახალი გათხრების ფონზე
653 ## - INDEX TERM--UNCONTROLLED
keyword არქეოლოგია
653 ## - INDEX TERM--UNCONTROLLED
keyword ძველი ცივილიზაციები
942 ## - ADDED ENTRY ELEMENTS (KOHA)
Source of classification or shelving scheme
Koha item type წიგნი
ეგზემპლარები
Withdrawn status Lost status Source of classification or shelving scheme Damaged status Not for loan Permanent Location Current Location Shelving location Date acquired Cost, normal purchase price Full call number Barcode Date last seen Copy number Uniform Resource Identifier Price effective from Koha item type Public note
          ბათუმის შოთა რუსთაველის სახელმწიფო უნივერსიტეტის მთავარი ბიბლიოთეკა ბათუმის შოთა რუსთაველის სახელმწიფო უნივერსიტეტის მთავარი ბიბლიოთეკა წიგნსაცავი 2023-12-22 6.00 902.6 Ч-15 65659 2023-12-22 65659 ბსუ-ს საპატიო დოქტორის გურამ ლორთქიფანიძის საჩუქარი 2023-12-22 წიგნი 6 ლ.